Football: Villes organisatrices des Finales des Ligues des Champions - Statistiques

Statistiques générales
  • Ce quiz a été pris 4 425 fois
    1 540 depuis la dernière actualisation
  • Le résultat moyen est 47 sur 65
Statistiques - réponses
Hint Réponse % Correct
1956 Paris
99%
1975 Paris
99%
1981 Paris
99%
1963 Londres
96%
1968 Londres
96%
1971 Londres
96%
1978 Londres
96%
1992 Londres
96%
2011 Londres
96%
2013 Londres
96%
1957 Madrid
96%
1969 Madrid
96%
1980 Madrid
96%
2010 Madrid
96%
1989 Barcelone
91%
1999 Barcelone
91%
1979 Munich
91%
1993 Munich
91%
1997 Munich
91%
2012 Munich
91%
1965 Milan
88%
1970 Milan
88%
2001 Milan
88%
2016 Milan
88%
1967 Lisbonne
86%
2014 Lisbonne
86%
1977 Rome
86%
1984 Rome
86%
1996 Rome
86%
2009 Rome
86%
2015 Berlin
83%
2003 Manchester
82%
2008 Moscou
77%
Porto
76%
2005 Istanbul
74%
1962 Amsterdam
71%
1998 Amsterdam
71%
2018 Kiev
66%
1958 Bruxelles
63%
1966 Bruxelles
63%
1974 Bruxelles
63%
1985 Bruxelles
63%
Budapest
60%
1986 Séville
60%
1983 Athènes
59%
1994 Athènes
59%
2007 Athènes
59%
1964 Vienne
54%
1987 Vienne
54%
1990 Vienne
54%
1995 Vienne
54%
1960 Glasgow
53%
1976 Glasgow
53%
2002 Glasgow
53%
1961 Berne
51%
2017 Cardiff
46%
2000 Saint-Denis
41%
2006 Saint-Denis
41%
1973 Belgrade
39%
1972 Rotterdam
39%
1982 Rotterdam
39%
1959 Stuttgart
18%
1988 Stuttgart
18%
2004 Gelsenkirchen
14%
1991 Bari
13%
Aucun quiz correspondant
Distribution des résultats
% des personnes avec chaque résultat
Percentile par nombre de réponses
Votre historique - résultats
Vous n’avez pas pris ce quiz depuis la dernière actualisation